Old Dominion Football: Top 10 All-Time Leaers - Statistics

General Stats
  • This quiz has been taken 4 times
  • The average score is 24 of 52
Answer Stats
Category # Player Amount % Correct
Passing Yards 1 Taylor Heinicke 14,959
100%
Rushing Yards 6 Taylor Heinicke 1,320
100%
Receiving Yards 7 Ali Jennnings III 2,025
67%
Passing Yards 6 Blake LaRussa 3,575
67%
Rushing Yards 3 Blake Watson 2,149
67%
Passing Yards 5 Colton Joseph 4,005
67%
Passing Yards 7 Grant Wilson 2,656
67%
Passing Yards 3 Hayden Wolff 5,578
67%
Receiving Yards 9 Isiah Page 1,589
67%
Tackles 1 Jason Henderson 432
67%
Receiving Yards 4 Jonathan Duhart 2,664
67%
Tackles 2 Jordan Young 350
67%
Sacks T3 Marcus Haynes 14.0
67%
Sacks 1 Oshane Ximines 33.0
67%
Passing Yards 8 Steven Williams 1,528
67%
Tackles 6 Terry Jones 237
67%
Receiving Yards 6 Travis Fulgham 2,044
67%
Receiving Yards 2 Zach Pascal 3,193
67%
Receiving Yards 1 Antonio Vaughan 3,267
33%
Receiving Yards 10 Blair Roberts 1,345
33%
Sacks 2 Bunmi Rotimi 19.0
33%
Interceptions T5 Carvin Powell 5
33%
Tackles 9 Chris Burnette 197
33%
Sacks 7 Chris Burnette 11.0
33%
Rushing Yards 4 Colby Goodwyn 1,583
33%
Tackles 3 Craig Wilkins 340
33%
Sacks 5 Craig Wilkins 13.5
33%
Interceptions T1 Craig Wilkins 9
33%
Passing Yards 4 David Washington 4,250
33%
Sacks T9 Denzel Lowery 9.0
33%
Tackles 10 Devin Simmons 191
33%
Interceptions T1 Devon Simmons 9
33%
Sacks T9 Erik Saylor 9.0
33%
Interceptions 4 Eriq Lewis 6
33%
Tackles 5 Fellonte Misher 288
33%
Interceptions 3 Fellonte Misher 8
33%
Rushing Yards 2 Jeremy Cox 2,175
33%
Tackles 7 John Darr 232
33%
Sacks T3 Kris Trinidad 14.0
33%
Receiving Yards 5 Larry Pinkard 2,338
33%
Tackles 8 Lawrence Garner 223
33%
Rushing Yards 7 Mario Crawford 1,105
33%
Receiving Yards 3 Nick Mayers 2,688
33%
Rushing Yards 1 Ray Lawry 4,080
33%
Receiving Yards 8 Reid Evans 1,811
33%
Sacks 6 Ronnie Cameron 12.0
33%
Interceptions T5 Sean Carter 5
33%
Passing Yards 9 Shuler Bentley 1,498
33%
Passing Yards 2 Thomas DeMarco 5,732
33%
Rushing Yards 5 Thomas DeMarco 1,456
33%
Sacks 8 Tim Ward 10.5
33%
Tackles 4 T.J. Ricks 323
33%
No matching quizzes found
Score Distribution
Percent of People with Each Score
Percentile by Number Answered
Your Score History
You have not taken this quiz